Devaluing to prosperity : (Record no. 72895)

MARC details
000 -LEADER
fixed length control field 00898nam a22002537a 4500
005 - DATE AND TIME OF LATEST TRANSACTION
control field 2013011101481.0
008 - FIXED-LENGTH DATA ELEMENTS--GENERAL INFORMATION
fixed length control field 130111t xxu||||| |||| 00| 0 eng d
010 ## - LCCN (DPL NO)
LC control number ENG-106547
020 ## - INTERNATIONAL STANDARD BOOK NUMBER
International Standard Book Number 0198092326
Terms of availability 850.00
020 ## - INTERNATIONAL STANDARD BOOK NUMBER
International Standard Book Number 9780198092322
Terms of availability 850.00
035 ## - SYSTEM CONTROL NUMBER
System control number EN-90080
037 ## - SOURCE OF ACQUISITION
Source of stock number/acquisition DBAD / PUB
040 ## - CATALOGING SOURCE
Original cataloging agency DPL
Language of cataloging ENG
100 ## - MAIN ENTRY--PERSONAL NAME
9 (RLIN) 1433
Personal name Bhalla, Surjit S.
245 ## - TITLE STATEMENT
Title Devaluing to prosperity :
Statement of responsibility, etc by Surjit S. Bhalla
Remainder of title misaligned currencies and their growth consequences /
260 ## - PUBLICATION, DISTRIBUTION, ETC. (IMPRINT)
Place of publication, distribution, etc New Delhi
Name of publisher, distributor, etc Oxford University Press
Date of publication, distribution, etc 2013
270 ## - ADDRESS
Address YMCA Library Building, 1 Jai Singh Road,
City New Delhi
Postal code 110001
300 ## - PHYSICAL DESCRIPTION
Extent xviii, 263 p. :
Dimensions 22cm(Hb)
500 ## - GENERAL NOTE
General note Includes bibliographical references
700 ## - ADDED ENTRY--PERSONAL NAME
9 (RLIN) 54724
700 ## - ADDED ENTRY--PERSONAL NAME
9 (RLIN) 54727
942 ## - ADDED ENTRY ELEMENTS (KOHA)
Source of classification or shelving scheme Dewey Decimal Classification
Item type English Books
Call number suffix BHA
Holdings
Withdrawn status Lost status Source of classification or shelving scheme Damaged status Not for loan Collection code Home library Current library Date acquired Source of acquisition Cost, normal purchase price Total Checkouts Full call number Barcode Date last seen Copy number Cost, replacement price Koha item type
    Dewey Decimal Classification     Non-fiction D.B.Act.Division D.B.Act.Division 11/01/2013 DBAD/PUB 850.00   BHA EN-90080 11/01/2013 1 850.00 English Books

© Delhi Public Library
Hit Counter
free hit counter